000 00397nam a2200181Ia 4500
005 20250603145306.0
008 250603s9999 xx 000 0 und d
020 _a9780292918
050 _aPR 6013 .O35 L6/
100 _aGolding, William
245 0 _aLord of the flies
260 _aIbadan
260 _bSpectrum
260 _c2009
300 _a266 p
650 _aIbadan
942 _cBK
999 _c41432
_d41432